BIM and Big Data for construction cost management (Record no. 116296)
[ view plain ]
| 000 -LEADER | |
|---|---|
| fixed length control field | 00863cam a2200217 4500 |
| 001 - CONTROL NUMBER | |
| control field | L160245 |
| 008 - FIXED-LENGTH DATA ELEMENTS--GENERAL INFORMATION | |
| fixed length control field | 190529n2019 000 0 eng u |
| 020 ## - INTERNATIONAL STANDARD BOOK NUMBER | |
| ISBN | 9780203732885 |
| 035 ## - SYSTEM CONTROL NUMBER | |
| System control number | (Sirsi) u160245 |
| 041 ## - LANGUAGE CODE | |
| Language code of text/sound track or separate title | eng |
| 100 ## - MAIN ENTRY--PERSONAL NAME | |
| Personal author | Weisheng, Lu |
| 245 ## - TITLE STATEMENT | |
| Title | BIM and Big Data for construction cost management |
| Medium | [electronic resource] |
| 260 ## - PUBLICATION INFORMATION | |
| Place of publication | Abingdon |
| Publisher | Routldge |
| Date | 2019 |
| 520 ## - ABSTRACT | |
| Abstract | Provides an indepth analysis of how BIM and Big Data can be applied in construction cost management illustated with case studies and worked examples. Concludes with a discussion on their application iin quantity surveying practice. |
| 650 24 - KEYWORDS | |
| Keywords | BIM |
| 9 (RLIN) | 6219 |
| 650 24 - KEYWORDS | |
| Keywords | BIG DATA |
| 651 #4 - SUBJECT ADDED ENTRY--GEOGRAPHIC NAME | |
| Geographic name | ENGLAND AND WALES |
| 690 ## - BROAD SUBJECT | |
| Broad subject | PropTech |
| 9 (RLIN) | 6274 |
| 856 40 - ONLINE RESOURCE | |
| Uniform Resource Identifier | <a href="https://www.vlebooks.com/">https://www.vlebooks.com/</a> |
| Public note | View on VLEbooks. Logins for members only from [email protected] |
| 942 ## - ADDED ENTRY ELEMENTS (KOHA) | |
| Suppress in OPAC | Do not suppress in OPAC |
| Lost status | Source of classification or shelving scheme | Damaged status | Not for loan | Home library | Current library | Shelving location | Date acquired | Total Checkouts | Full call number | Barcode | Date last seen | Copy number | Price effective from | Koha item type |
|---|---|---|---|---|---|---|---|---|---|---|---|---|---|---|
| Dewey Decimal Classification | London | London | Online | 29/05/2019 | ONLINE PUBLICATION | 160245-1001 | 06/08/2019 | 1 | 06/08/2019 | Book |